000 00547nam a2200241Ia 4500
005 20251020182534.0
008 200515s9999 xx 000 0 und d
082 _a72.015:728(85)/I59/18
245 0 _aPrevi : I-10
260 _aLima
260 _c1974
300 _aPrevi
500 _a1 ejemplar
650 _aCONCRETO ARMADO
650 _aLIB
650 _aPOLONIA
650 _aPREFABRICADOS
650 _aPREVI
650 _aPUB ININVI
650 _aSISTEMAS CONSTRUCTIVOS
650 _aVIVIENDAS DE BAJO COSTO
942 _cLIB
999 _c2180
_d2180